Atlas of women and men in India (Record no. 42485)

MARC details
000 -LEADER
fixed length control field 00511nam a22001817a 4500
008 - FIXED-LENGTH DATA ELEMENTS--GENERAL INFORMATION
fixed length control field 230612b |||||||| |||| 00| 0 eng d
020 ## - INTERNATIONAL STANDARD BOOK NUMBER
International Standard Book Number 81-85107-94-7
040 ## - CATALOGING SOURCE
Original cataloging agency National Science Library
Transcribing agency National Science Library
080 ## - UNIVERSAL DECIMAL CLASSIFICATION NUMBER
Universal Decimal Classification number R 912(084.4)(540)
Item number N9
100 ## - MAIN ENTRY--PERSONAL NAME
Personal name Raju, Saraswati
9 (RLIN) 11508
245 ## - TITLE STATEMENT
Title Atlas of women and men in India
260 ## - PUBLICATION, DISTRIBUTION, ETC.
Place of publication, distribution, etc. New Delhi:
Name of publisher, distributor, etc. Kali for Women,
Date of publication, distribution, etc. 1999
300 ## - PHYSICAL DESCRIPTION
Extent 131p.
365 ## - TRADE PRICE
Price amount 1200.00
Currency code INR
650 ## - SUBJECT ADDED ENTRY--TOPICAL TERM
Topical term or geographic name entry element Geography
653 ## - INDEX TERM--UNCONTROLLED
Uncontrolled term Atlas
942 ## - ADDED ENTRY ELEMENTS (KOHA)
Source of classification or shelving scheme Universal Decimal Classification
Koha item type Reference
Holdings
Withdrawn status Lost status Source of classification or shelving scheme Damaged status Not for loan Collection Home library Current library Shelving location Date acquired Cost, normal purchase price Total Checkouts Full call number Barcode Date last seen Price effective from Koha item type
    Universal Decimal Classification     Reference National Science Library National Science Library GF/Rk-22/C-10/R-1 24/02/2000 1200.00   R 912(084.4)(540) N9 178964 12/06/2023 24/02/2000 Reference